Pays, de A à Z - Statistiques

Statistiques générales
  • Ce quiz a été pris 162 fois
  • Le résultat moyen est 21 sur 24
Statistiques - réponses
Lettres Indices Réponse % Correct
A De nombreux animaux y sont endémiques tels que les koalas ou les kangourous. Australie
100%
C Celine Dion, Jim Carrey ou encore Justin Bieber en sont originaires. Canada
94%
F Cocorico !! France
94%
G Pays dont la mythologie met en scène Zeus, Hera, Héphaïstos.... Grèce
94%
U Etat européen en conflit avec la Russie depuis 2022. Ukraine
94%
I La Sardaigne est sa deuxième plus grande île. Italie
93%
J Bordée par la mer morte, sa capitale est Amman. Jordanie
92%
K Destination africaine prisée pour ses safaris. Kenya
92%
Q A accueilli contre toute attente la coupe du monde de football de 2022. Qatar
92%
S Pays scandinave dont est issu le groupe Abba. Suède
92%
V Plus petit état au monde d'une superficie de 0,44 km2. Vatican
92%
Y Seul pays au monde commençant par cette lettre. Yemen
92%
M Ile immense au large de la côte sud-est africaine. Madagascar
91%
P Un des pays les plus visités d'Europe situé dans la péninsule ibérique. Portugal
91%
R Pays d'Europe traversé par les Carpates et où se situe la Transylvanie. Roumanie
91%
N Posséde le seul drapeau qui ne soit pas rectangulaire, ses deux triangles symbolisent entres autres l'Himalaya. Nepal
90%
O Sultanat du Moyen-Orient frontalier des Emirats Arabes Unis. Oman
90%
Z Pays enclavé de l'Afrique australe anciennement nommé la Rhodésie du sud. Zimbabwe
89%
T A également été nommé île de Formose ou Taipei chinois. Taiwan
85%
H Victime d'un séisme dévastateur le 12 janvier 2010, faisant plus de 200000 morts. Haïti
82%
L Sa monnaie officielle est le franc suisse. Liechtenstein
82%
D Colonie française pendant 80 ans, état d'Afrique de l'est ayant obtenu son indépendance en 1977. Djibouti
81%
B Situé au sud-est du Mexique et au nord-est du Guatemala, sa capitale est Belmopan. Belize
78%
E Anciennement nommé le Swaziland. Eswatini
69%
Aucun quiz correspondant
Distribution des résultats
% des personnes avec chaque résultat
Percentile par nombre de réponses
Votre historique - résultats
Vous n’avez pas pris ce quiz